000 00885nam a2200205 a 4500
005 20240418063714.0
008 991125s1934 mx 000 0 spa u
035 _aUPN01000001601
049 _aCG
050 4 _aF1228.5 P3
_bP8.3
100 1 _aPuig Casauranc, J. M.
_q(José Manuel),
_d1888-1939
_939309
245 1 0 _aAlgo sobre la posición de México en Montevideo :
_bprimer folleto /
_cJ. M. Puig Casauranc.
260 _aMéxico :
_bSRE,
_c1934.
300 _a99 p.
440 0 _aDel México actual ;
_v13
505 8 _aContiene:
_tPosición en materia económica en general -- En las cuestiones completas de deudas exteriores y tarifas,y -- En lo relativo al problemadirecto de la intervencióny en los aspectos conectados indirectamente con ella.
651 4 _aMEXICO -
_xRELACIONES EXTERIORES -
_zURUGUAY
651 4 _aURUGUAY -
_xRELACIONES EXTERIORES -
_zMEXICO
905 _aLibro
999 _c1601
_d1601